| 000 | 00632nam a2200217 a 4500 | ||
|---|---|---|---|
| 001 | BRCA_5834 | ||
| 005 | 20190320205231.0 | ||
| 008 | 140311t1933----enka######---#001-0#eng-# | ||
| 041 | _aeng | ||
| 044 | _aenk | ||
| 050 | 4 |
_aQK495.O64 _bG63 _c1933 |
|
| 100 | 1 |
_aGodfery, Hilda M. _914776 |
|
| 245 | 1 | 0 | _aMonograph and Iconography of Native British Orchidaceae. |
| 260 |
_aLondres _bCambridge The University Press. _c1933 |
||
| 300 |
_a259 p. _bils., (algunas a color) 57 láminas. _c32 cm. |
||
| 500 | _aÍndice general, glosario. | ||
| 500 | _aH95 | ||
| 650 | 1 | 4 |
_aOrquídeas _zInglaterra _914777 |
| 902 | _aGFM | ||
| 942 |
_2lcc _cB |
||
| 999 |
_c5523 _d5523 |
||